Hablar en público ¡comunique, impacte y convenza! (Registro nro. 1963)
[ vista simple ]
| 000 -Cabecera | |
|---|---|
| Campo de control de longitud fija | 01270aam a2200493 4500 |
| 005 - Fecha y hora de la última transacción | |
| Campo de control | 20250911174244.0 |
| 008 - Elementos de longitud fija--Información general | |
| Campo de control de longitud fija | 150323b2006 xxu||||| |||| 00| 0 spa d |
| 020 ## - International Standard Book Number | |
| Número Internacional Estándar del Libro (ISBN) | 9684182767 |
| 041 ## - Idioma | |
| Código de idioma | Español |
| 082 ## - Clasificación Decimal Dewey | |
| Número de clasificación | 808.51 M971h |
| 100 ## - Entrada principal--Autor personal | |
| Nombre personal | Muñoz G, Andrés |
| 9 (RLIN) | 13080 |
| 245 ## - Título propiamente dicho | |
| Título | Hablar en público ¡comunique, impacte y convenza! |
| 260 ## - Pie de imprenta | |
| Lugar de publicación, distribución, etc. | México |
| 260 ## - Pie de imprenta | |
| Nombre del editor, distribuidor, etc. | Ediciones Culturales Internacionales |
| 260 ## - Pie de imprenta | |
| Fecha de publicación, distribución, etc. | 2006 |
| 300 ## - Descripción física | |
| Extensión | 192 páginas |
| 490 ## - Serie | |
| Título de la Serie | Temática General |
| 500 ## - Nota general | |
| Nota general | Tomo No. 8 |
| 650 ## - Materia general | |
| Temática (materia general) | HABLAR EN PÚBLICO |
| 650 ## - Materia general | |
| Temática (materia general) | CÓMO TENER ÉXITO |
| 650 ## - Materia general | |
| Temática (materia general) | COMUNICACIÓN ORAL |
| 650 ## - Materia general | |
| Temática (materia general) | EMPLEO DEL LENGUAJE |
| 650 ## - Materia general | |
| Temática (materia general) | COMUNICACOÓN VERBAL |
| 650 ## - Materia general | |
| Temática (materia general) | DISCURSO |
| 650 ## - Materia general | |
| Temática (materia general) | TÉCNICAS EXPRESIÓN ORAL |
| 650 ## - Materia general | |
| Temática (materia general) | TÉCNICAS DE PRESENTACIÓN |
| 650 ## - Materia general | |
| Temática (materia general) | ORATORIA MODERNA |
| 650 ## - Materia general | |
| Temática (materia general) | GESTOS |
| 650 ## - Materia general | |
| Temática (materia general) | PREPARACIÓN PREVIA |
| 650 ## - Materia general | |
| Temática (materia general) | VESTUARIO |
| 650 ## - Materia general | |
| Temática (materia general) | VOZ |
| 650 ## - Materia general | |
| Temática (materia general) | TIPOS DE PÚBLICO |
| 650 ## - Materia general | |
| Temática (materia general) | RUEDA DE PRENSA |
| 650 ## - Materia general | |
| Temática (materia general) | ENTREVISTA |
| 650 ## - Materia general | |
| Temática (materia general) | PANEL |
| 650 ## - Materia general | |
| Temática (materia general) | SIMPOSIO |
| 650 ## - Materia general | |
| Temática (materia general) | MESA REDONDA |
| 650 ## - Materia general | |
| Temática (materia general) | RUEDA DE PRENSA |
| 650 ## - Materia general | |
| Temática (materia general) | CONFERENCIA |
| 650 ## - Materia general | |
| Temática (materia general) | FORO |
| 650 ## - Materia general | |
| Temática (materia general) | DEBATE DIRIGIDO |
| 650 ## - Materia general | |
| Temática (materia general) | PHILLIPS 6.6 |
| 942 ## - Punto de acceso adicional KOHA | |
| Tipo de ítem KOHA | Libro |
| Fuente del sistema de clasificación o colocación | Dewey Decimal Classification |
| Signatura completa | Código de barras | Programa Académico | Tipo de ítem |
|---|---|---|---|
| 808.51 M971h | 11326 | Temática General | Libro |